[Event "PanAm intercoll."]
[Site "Lubbock USA"]
[Date "2013.12.29"]
[Round "4.3"]
[White "Kovalyov, Anton"]
[Black "Huschenbeth, Niclas"]
[Result "0-1"]
[WhiteElo "2617"]
[BlackElo "2537"]
[PlyCount "88"]
[GameId "2130307675895708"]
[EventDate "2013.12.27"]
[EventType "team"]
[EventRounds "6"]
[EventCountry "USA"]
[SourceTitle "The Week in Chess 999"]
[Source "Mark Crowther"]
[SourceDate "2013.12.30"]
[SourceVersion "1"]
[SourceVersionDate "2013.12.30"]
[SourceQuality "1"]
[WhiteTeam "University of Texas at Brownsville - A"]
[BlackTeam "Univ of Maryland at Baltimore County - A"]

1. Nf3 Nf6 2. c4 e6 3. g3 a6 4. Bg2 b5 5. d3 Bb7 6. O-O bxc4 7. dxc4 Bc5 8. Nc3 O-O 9. Na4 Ba7 10. b4 d6 11. Qb3 Nbd7 12. Be3 Bxe3 13. Qxe3 e5 14. a3 Re8 15. Qb3 Rb8 16. Rfd1 Qe7 17. Nc3 e4 18. Nd4 Qe5 19. Nc2 Qh5 20. Ne3 Ne5 21. Ned5 Bxd5 22. cxd5 Neg4 23. h4 g5 24. Rd4 gxh4 25. Nxe4 Nxe4 26. Bxe4 f5 27. Bg2 Rxe2 28. gxh4 Qxh4 29. Qg3 Qxg3 30. fxg3 Re3 31. Rf1 Rxg3 32. Rf3 Rxf3 33. Bxf3 h5 34. Rf4 Rf8 35. Be2 Kg7 36. Bxa6 Kg6 37. a4 Kg5 38. Rc4 f4 39. Rxc7 f3 40. Bf1 f2+ 41. Kh1 Ne3 42. Rc1 Kg4 43. b5 Nxf1 44. Rxf1 Kg3 0-1

[Event "Texas Collegiate"]
[Site "Houston USA"]
[Date "2013.11.09"]
[Round "2"]
[White "Kovalyov, Anton"]
[Black "Aleskerov, Faik"]
[Result "1-0"]
[WhiteElo "2615"]
[BlackElo "2337"]
[PlyCount "27"]
[GameId "2130307677384078"]
[EventDate "2013.11.08"]
[EventType "swiss"]
[EventRounds "5"]
[EventCountry "USA"]
[SourceTitle "The Week in Chess 993"]
[Source "Mark Crowther"]
[SourceDate "2013.11.18"]
[SourceVersion "4"]
[SourceVersionDate "2013.12.04"]
[SourceQuality "2"]
[WhiteTeam "BUTB"]
[BlackTeam "TXTECH"]

1. e4 e6 2. c4 d5 3. Nf3 Nf6 4. d4 Be7 5. Be2 O-O 6. Qd3 Nbd7 7. O-O Re8 8. Nc3 Nf8 9. Rb1 Ng6 10. b4 Nd7 11. Nxd5 Ngf8 12. c5 Nf6 13. Rd1 b5 14. Nxf6+ 1-0

[Event "Texas Collegiate"]
[Site "Houston USA"]
[Date "2013.11.09"]
[Round "3"]
[White "Gorovets, Andrey"]
[Black "Kovalyov, Anton"]
[Result "1/2-1/2"]
[WhiteElo "2480"]
[BlackElo "2615"]
[PlyCount "63"]
[GameId "2130307677384083"]
[EventDate "2013.11.08"]
[EventType "swiss"]
[EventRounds "5"]
[EventCountry "USA"]
[SourceTitle "The Week in Chess 993"]
[Source "Mark Crowther"]
[SourceDate "2013.11.18"]
[SourceVersion "4"]
[SourceVersionDate "2013.12.04"]
[SourceQuality "2"]
[WhiteTeam "TXTECH"]
[BlackTeam "BUTB"]

1. c4 e6 2. Nc3 b6 3. e4 c5 4. Nf3 Bb7 5. d4 cxd4 6. Nxd4 d6 7. Bd3 Nf6 8. O-O Nc6 9. Nxc6 Bxc6 10. Bf4 Be7 11. Qe2 Nd7 12. Rfd1 Qb8 13. Bc2 O-O 14. Nd5 Bxd5 15. cxd5 e5 16. Be3 a6 17. b4 Qd8 18. Bd3 a5 19. a3 Bg5 20. Bb5 Bxe3 21. Qxe3 Nf6 22. Be2 Qd7 23. f3 Rfb8 24. Rdc1 h6 25. Qd3 Qa7 26. Qc3 b5+ 27. Kf1 Ne8 28. Rab1 Kf8 29. Rb3 Rb6 30. Qe3 Rb7 31. Qd2 Rb6 32. Qe3 1/2-1/2

[Event "Texas Collegiate"]
[Site "Houston USA"]
[Date "2013.11.10"]
[Round "4"]
[White "Hernandez Carmenates, Holden"]
[Black "Kovalyov, Anton"]
[Result "1/2-1/2"]
[WhiteElo "2542"]
[BlackElo "2615"]
[PlyCount "126"]
[GameId "2130307677388186"]
[EventDate "2013.11.08"]
[EventType "swiss"]
[EventRounds "5"]
[EventCountry "USA"]
[SourceTitle "The Week in Chess 993"]
[Source "Mark Crowther"]
[SourceDate "2013.11.18"]
[SourceVersion "4"]
[SourceVersionDate "2013.12.04"]
[SourceQuality "2"]
[WhiteTeam "BUTB"]
[BlackTeam "BUTB"]

1. d4 Nf6 2. c4 e6 3. Nf3 b6 4. a3 Ba6 5. Qc2 Bb7 6. Bg5 c5 7. dxc5 bxc5 8. Nc3 Be7 9. e3 h6 10. Bh4 O-O 11. Be2 Qb6 12. O-O Rd8 13. Rfd1 Nc6 14. Na4 Qa5 15. Nd2 Rab8 16. Bxf6 Bxf6 17. Ne4 Be7 18. Nd6 Qc7 19. Nb5 Qe5 20. Qd2 d5 21. f4 Qf5 22. cxd5 exd5 23. Rac1 d4 24. e4 Qxe4 25. Nxc5 Bxc5 26. Rxc5 a6 27. Bf3 Qg6 28. Nc7 Na5 29. Bh5 Nb3 30. Bxg6 Nxd2 31. Bxf7+ Kxf7 32. Rxd2 Rbc8 33. f5 Rd6 34. Kf2 Kf6 35. Ne6 Rxc5 36. Nxc5 Ba8 37. g4 h5 38. h3 Ke5 39. Re2+ Kd5 40. Ne6 hxg4 41. hxg4 d3 42. Rd2 Ke4 43. Nc5+ Kf4 44. Nxd3+ Kg5 45. Ke3 Rd7 46. Nf2 Re7+ 47. Kd4 Kf4 48. b4 Rd7+ 49. Kc3 Rc7+ 50. Kb3 Ke3 51. Rd8 Bf3 52. Nd1+ Kf4 53. Nc3 Kxg4 54. Rd6 Kxf5 55. Rxa6 Rd7 56. Ra5+ Kf4 57. Kc4 g5 58. Nd5+ Kg3 59. Nf6 Rc7+ 60. Rc5 Rxc5+ 61. bxc5 Kf4 62. Kd4 Kf5 63. Nd5 Ke6 1/2-1/2

[Event "Texas Collegiate"]
[Site "Houston USA"]
[Date "2013.11.10"]
[Round "5"]
[White "Kovalyov, Anton"]
[Black "Iotov, Valentine"]
[Result "1-0"]
[WhiteElo "2615"]
[BlackElo "2568"]
[PlyCount "122"]
[GameId "2130307677388192"]
[EventDate "2013.11.08"]
[EventType "swiss"]
[EventRounds "5"]
[EventCountry "USA"]
[SourceTitle "The Week in Chess 993"]
[Source "Mark Crowther"]
[SourceDate "2013.11.18"]
[SourceVersion "4"]
[SourceVersionDate "2013.12.04"]
[SourceQuality "2"]
[WhiteTeam "BUTB"]
[BlackTeam "DUTD"]

1. c4 c5 2. Nf3 Nc6 3. Nc3 e6 4. g3 d5 5. cxd5 exd5 6. d4 c4 7. Bg2 Bb4 8. O-O Nge7 9. Ne1 O-O 10. Nc2 Ba5 11. Bg5 f6 12. Bd2 Bf5 13. b3 cxb3 14. axb3 Rc8 15. Ne3 Be6 16. Na4 b6 17. Bxa5 Nxa5 18. Qd3 Qd6 19. Nc3 Rfd8 20. Nb5 Qb4 21. Ra4 Qxb3 22. Qxb3 Nxb3 23. Rxa7 Nc6 24. Ra4 Nca5 25. Rb4 Rd7 26. Rd1 Kf7 27. f4 f5 28. Kf2 Kf6 29. Rd3 Nc1 30. Rc3 Na2 31. Rxc8 Nxb4 32. Rb8 Rb7 33. Rxb7 Nxb7 34. Nc3 Nd6 35. Bxd5 Bd7 36. Nc4 Nxc4 37. Bxc4 Bc6 38. Bb3 Ke7 39. d5 Bd7 40. Ke3 Na6 41. Kd4 Nc5 42. Bc2 Kd6 43. g4 g6 44. gxf5 gxf5 45. Nd1 Bb5 46. Nc3 Bd7 47. h3 h6 48. h4 Na6 49. Bd3 Nc5 50. Bc4 Be8 51. Nd1 Bd7 52. Ne3 Ne4 53. Bd3 Ng3 54. Nc4+ Kc7 55. Ne5 Be8 56. e3 Kd6 57. Nc4+ Kc7 58. Ke5 Bb5 59. d6+ Kd8 60. Kd5 Ba6 61. Ne5 Bb7+ 1-0

[Event "Dearborn Fall op"]
[Site "Dearborn USA"]
[Date "2013.10.23"]
[Round "1"]
[White "Kavutskiy, Konstantin"]
[Black "Kovalyov, Anton"]
[Result "0-1"]
[WhiteElo "2272"]
[BlackElo "2612"]
[PlyCount "82"]
[GameId "2130307677726854"]
[EventDate "2013.10.23"]
[EventType "swiss"]
[EventRounds "9"]
[EventCountry "USA"]
[SourceTitle "EXT 2015"]
[Source "ChessBase"]
[SourceDate "2014.11.20"]
[SourceVersion "1"]
[SourceVersionDate "2014.11.20"]
[SourceQuality "1"]

1. d4 Nf6 2. c4 e6 3. Nf3 b6 4. g3 c6 5. Bg2 d5 6. O-O Be7 7. Qc2 O-O 8. Rd1 Nbd7 9. Nc3 Ba6 10. b3 Rc8 11. Bb2 Qc7 12. e4 dxc4 13. Nd2 e5 14. d5 b5 15. dxc6 Qxc6 16. Nd5 Bc5 17. Nf1 Rfe8 18. Nfe3 Bxe3 19. Nxe3 Nc5 20. Nd5 Nd3 21. Ba3 Nxd5 22. exd5 Qd7 23. Be4 Bb7 24. Bxd3 cxd3 25. Qxd3 Rcd8 26. Rd2 Bxd5 27. Rad1 Qb7 28. f3 Qb6+ 29. Kg2 e4 30. Qd4 Qe6 31. Qc5 exf3+ 32. Kg1 Qh3 33. Qf2 h5 34. Bb4 Qf5 35. h4 Re2 36. Rxe2 fxe2 37. Qxe2 Qh3 38. Rd3 Qh1+ 39. Kf2 Rc8 40. Bc3 b4 41. Bxb4 Qg2+ 0-1

[Event "Dearborn Fall op"]
[Site "Dearborn USA"]
[Date "2013.10.24"]
[Round "2"]
[White "Kovalyov, Anton"]
[Black "Cheng, Bindi"]
[Result "1-0"]
[WhiteElo "2612"]
[BlackElo "2442"]
[PlyCount "103"]
[GameId "2130307677726857"]
[EventDate "2013.10.23"]
[EventType "swiss"]
[EventRounds "9"]
[EventCountry "USA"]
[SourceTitle "EXT 2015"]
[Source "ChessBase"]
[SourceDate "2014.11.20"]
[SourceVersion "1"]
[SourceVersionDate "2014.11.20"]
[SourceQuality "1"]

1. Nf3 Nf6 2. c4 g6 3. Nc3 d5 4. cxd5 Nxd5 5. Qb3 Nb6 6. d4 Bg7 7. Bf4 Be6 8. Qa3 O-O 9. e3 a5 10. Rc1 c6 11. Ne4 Nd5 12. Be5 Bxe5 13. Nxe5 Nd7 14. Nxd7 Bxd7 15. Bc4 Bf5 16. Nd2 Nb6 17. Be2 Qd6 18. Rc5 a4 19. O-O Nd7 20. Nc4 Qf6 21. Ra5 Be6 22. Rxa8 Rxa8 23. Nd2 Bd5 24. f4 Qd6 25. Qxd6 exd6 26. a3 Re8 27. Kf2 f5 28. g4 fxg4 29. Bxg4 Nf6 30. Be2 Ne4+ 31. Nxe4 Bxe4 32. Rc1 Kf7 33. Bd1 Ra8 34. Rc4 b5 35. Rc3 Ke6 36. Bf3 Bxf3 37. Kxf3 Kd7 38. e4 Rb8 39. Kg4 b4 40. Rh3 bxa3 41. Rxh7+ Ke6 42. bxa3 Rb3 43. Rg7 Kf6 44. Rc7 c5 45. dxc5 dxc5 46. e5+ Ke6 47. Rxc5 Rxa3 48. Rc6+ Kf7 49. Rf6+ Kg7 50. Kg5 Ra2 51. Rxg6+ Kf7 52. Ra6 1-0

[Event "Dearborn Fall op"]
[Site "Dearborn USA"]
[Date "2013.10.24"]
[Round "3"]
[White "Molner, Mackenzie"]
[Black "Kovalyov, Anton"]
[Result "1-0"]
[WhiteElo "2493"]
[BlackElo "2612"]
[PlyCount "68"]
[GameId "2130307677726862"]
[EventDate "2013.10.23"]
[EventType "swiss"]
[EventRounds "9"]
[EventCountry "USA"]
[SourceTitle "EXT 2015"]
[Source "ChessBase"]
[SourceDate "2014.11.20"]
[SourceVersion "1"]
[SourceVersionDate "2014.11.20"]
[SourceQuality "1"]

1. d4 Nf6 2. c4 e6 3. Nc3 Bb4 4. e3 b6 5. Nge2 c5 6. a3 Ba5 7. Rb1 Na6 8. g3 Bb7 9. d5 b5 10. b3 b4 11. axb4 Nxb4 12. Bg2 exd5 13. O-O Rb8 14. cxd5 d6 15. Nf4 O-O 16. Bb2 Re8 17. Re1 Ba6 18. Bf1 Bxf1 19. Kxf1 Qd7 20. Ra1 Bd8 21. Kg2 a5 22. e4 Ng4 23. Na4 Bg5 24. Nh5 Bh6 25. f4 f5 26. h3 Nf2 27. Kxf2 fxe4 28. Kg2 Nd3 29. Re3 Qf7 30. Bc3 Kf8 31. Nb2 Qxd5 32. Nxd3 exd3+ 33. Qf3 Qxb3 34. Rxd3 Kf7 1-0

[Event "Dearborn Fall op"]
[Site "Dearborn USA"]
[Date "2013.10.25"]
[Round "5"]
[White "Shabalov, Alexander"]
[Black "Kovalyov, Anton"]
[Result "0-1"]
[WhiteElo "2520"]
[BlackElo "2612"]
[PlyCount "92"]
[GameId "2130307677726873"]
[EventDate "2013.10.23"]
[EventType "swiss"]
[EventRounds "9"]
[EventCountry "USA"]
[SourceTitle "EXT 2015"]
[Source "ChessBase"]
[SourceDate "2014.11.20"]
[SourceVersion "1"]
[SourceVersionDate "2014.11.20"]
[SourceQuality "1"]

1. e4 c5 2. Nf3 d6 3. d4 cxd4 4. Nxd4 Nf6 5. Nc3 a6 6. h3 e5 7. Nb3 h5 8. Be2 Be7 9. a4 Be6 10. f4 exf4 11. Bxf4 Nc6 12. O-O h4 13. Kh1 O-O 14. Qe1 Nd7 15. Rd1 Nde5 16. Nd5 Bg5 17. Bh2 Rc8 18. a5 Bxd5 19. exd5 Nb8 20. Bxe5 dxe5 21. c4 Nd7 22. Qb4 Bf4 23. d6 Qg5 24. Qxb7 Qg3 25. Rxf4 exf4 26. Nd4 Nc5 27. Qd5 Rfe8 28. d7 Nxd7 29. Qxd7 Rcd8 30. Qa4 f3 31. Nxf3 Rxe2 32. Rg1 Rxb2 33. c5 Rb5 34. c6 g5 35. Qe4 Qd6 36. Qg4 Qg3 37. Qe4 Rbd5 38. Qe2 Rxa5 39. Qe3 Rad5 40. Qe2 a5 41. Qe7 Qd6 42. Qb7 Rf8 43. Rc1 Qf4 44. Qb1 Rc8 45. Nh2 Qb4 46. Qa1 Qd4 0-1

[Event "Dearborn Fall op"]
[Site "Dearborn USA"]
[Date "2013.10.27"]
[Round "8"]
[White "Kovalyov, Anton"]
[Black "Shulman, Yuri"]
[Result "1-0"]
[WhiteElo "2612"]
[BlackElo "2549"]
[PlyCount "139"]
[GameId "2130307677726882"]
[EventDate "2013.10.23"]
[EventType "swiss"]
[EventRounds "9"]
[EventCountry "USA"]
[SourceTitle "EXT 2015"]
[Source "ChessBase"]
[SourceDate "2014.11.20"]
[SourceVersion "1"]
[SourceVersionDate "2014.11.20"]
[SourceQuality "1"]

1. c4 Nf6 2. Nf3 e6 3. g3 d5 4. Bg2 dxc4 5. Qa4+ Nbd7 6. Qxc4 a6 7. Qc2 c5 8. a4 b6 9. O-O Bb7 10. d3 Be7 11. e4 O-O 12. Rd1 Rc8 13. Na3 c4 14. Nxc4 b5 15. axb5 axb5 16. Qb3 bxc4 17. Qxb7 Nc5 18. Qb5 Nxd3 19. Ne1 Rc5 20. Qa6 Qc8 21. Qxc8 Rfxc8 22. Be3 Rb5 23. Nxd3 cxd3 24. Bd4 Rd8 25. Ra4 h5 26. Bc3 Ng4 27. h3 Ne5 28. Bf1 h4 29. f4 Nc6 30. Rxd3 Rxd3 31. Bxd3 Rb8 32. Rc4 Nb4 33. Be2 hxg3 34. Kg2 f5 35. Kxg3 fxe4 36. Bg4 Kf7 37. Rxe4 Rb6 38. Bd4 Rd6 39. Be2 Nd5 40. Be5 Rb6 41. Bc4 g6 42. b3 Bc5 43. Kf3 Rb7 44. Re1 Nb6 45. Ba6 Ra7 46. Ra1 Nd7 47. Bc3 Rc7 48. Bc4 Nb6 49. Be5 Rb7 50. Ba6 Rd7 51. Bb5 Rd2 52. Ra7+ Be7 53. Rb7 Nd5 54. Rb8 Nf6 55. Bc6 Rh2 56. b4 Rxh3+ 57. Ke2 Rb3 58. b5 Bc5 59. Rb7+ Be7 60. Bd6 Ng8 61. Be5 Nh6 62. Kd2 Nf5 63. Kc2 Rb4 64. Kc3 Rb1 65. Be4 Rc1+ 66. Kd2 Rc5 67. b6 g5 68. Rc7 gxf4 69. b7 Rxe5 70. Bd3 1-0

[Event "Dearborn Fall op"]
[Site "Dearborn USA"]
[Date "2013.10.27"]
[Round "9"]
[White "Perelshteyn, Eugene"]
[Black "Kovalyov, Anton"]
[Result "1/2-1/2"]
[WhiteElo "2485"]
[BlackElo "2612"]
[PlyCount "40"]
[GameId "2130307677726886"]
[EventDate "2013.10.23"]
[EventType "swiss"]
[EventRounds "9"]
[EventCountry "USA"]
[SourceTitle "EXT 2015"]
[Source "ChessBase"]
[SourceDate "2014.11.20"]
[SourceVersion "1"]
[SourceVersionDate "2014.11.20"]
[SourceQuality "1"]

1. d4 Nf6 2. Nf3 e6 3. Bf4 c5 4. e3 b6 5. Nc3 cxd4 6. Nb5 Nd5 7. Qxd4 Nc6 8. Qa4 Bb4+ 9. c3 Nxf4 10. cxb4 Nd5 11. Nd6+ Ke7 12. b5 Kxd6 13. bxc6 Ke7 14. e4 Nf6 15. Bb5 Qc7 16. O-O d6 17. e5 dxe5 18. Rfe1 Rd8 19. Nxe5 Rd5 20. f4 Qd6 1/2-1/2

[Event "ESP-Tch CECLUB Honor"]
[Site "Leon ESP"]
[Date "2012.11.05"]
[Round "1.2"]
[White "Kovalyov, Anton"]
[Black "Van Wely, Loek"]
[Result "1-0"]
[WhiteElo "2596"]
[BlackElo "2691"]
[PlyCount "145"]
[GameId "2130307689787160"]
[EventDate "2012.11.05"]
[EventType "team"]
[EventRounds "7"]
[EventCountry "ESP"]
[SourceTitle "EXT 2013"]
[Source "ChessBase"]
[SourceDate "2012.11.22"]
[SourceVersion "1"]
[SourceVersionDate "2012.11.22"]
[SourceQuality "1"]
[WhiteTeam "Equigoma Caja Social Catolica"]
[BlackTeam "Gros Xake Taldea"]
[WhiteTeamCountry "ESP"]
[BlackTeamCountry "ESP"]

1. c4 c5 2. Nf3 Nf6 3. Nc3 b6 4. g3 Bb7 5. Bg2 g6 6. O-O Bg7 7. d4 cxd4 8. Qxd4 d6 9. Rd1 Nbd7 10. Be3 Rc8 11. Rac1 O-O 12. Qh4 a6 13. b3 Rc7 14. Bh3 Qb8 15. g4 e6 16. g5 Nh5 17. Rxd6 Bxf3 18. exf3 Ne5 19. Qe4 Rxc4 20. Rxb6 Rxe4 21. Rxb8 Nxf3+ 22. Kg2 Nh4+ 23. Kf1 Bxc3 24. Rxf8+ Kxf8 25. Rxc3 Nf4 26. Bxf4 Rxf4 27. Rc6 Nf3 28. Rxa6 Nxg5 29. Bg2 e5 30. Ra5 f6 31. Rb5 Rd4 32. Ke1 Rg4 33. Kf1 Rd4 34. Ke1 Rg4 35. Bd5 Ke7 36. b4 Kd6 37. a4 e4 38. Kd2 Rg2 39. Ke3 Rxh2 40. a5 Rh3+ 41. Kd4 Rd3+ 42. Kc4 Ra3 43. Rb6+ Ke5 44. a6 h5 45. Rb5 h4 46. Ra5 Rxa5 47. bxa5 h3 48. a7 h2 49. a8=Q h1=Q 50. Qb8+ Kf5 51. Qc8+ Kf4 52. Qb8+ Kg4 53. Qg3+ Kf5 54. Qe3 Qa1 55. Kb5 Qb2+ 56. Kc6 Qa1 57. Qc5 Nf3 58. Bxe4+ Kxe4 59. Qe3+ Kf5 60. Qxf3+ Kg5 61. Qe3+ Kh5 62. Qb6 g5 63. a6 Qa4+ 64. Kd6 Qf4+ 65. Ke7 Kg6 66. a7 Qe4+ 67. Qe6 Qb7+ 68. Qd7 Qb4+ 69. Ke8 Qe4+ 70. Kf8 Kh6 71. Kg8 g4 72. Qg7+ Kh5 73. Qh7+ 1-0

[Event "ESP-Tch CECLUB Honor"]
[Site "Leon ESP"]
[Date "2012.11.10"]
[Round "6.1"]
[White "Kovalyov, Anton"]
[Black "Fluvia Poyatos, Joan"]
[Result "1-0"]
[WhiteElo "2596"]
[BlackElo "2490"]
[PlyCount "72"]
[GameId "2130307689795453"]
[EventDate "2012.11.05"]
[EventType "team"]
[EventRounds "7"]
[EventCountry "ESP"]
[SourceTitle "EXT 2013"]
[Source "ChessBase"]
[SourceDate "2012.11.22"]
[SourceVersion "1"]
[SourceVersionDate "2012.11.22"]
[SourceQuality "1"]
[WhiteTeam "Equigoma"]
[BlackTeam "Barcelona Uga"]
[WhiteTeamCountry "ESP"]
[BlackTeamCountry "ESP"]

1. c4 Nf6 2. Nf3 e6 3. g3 b6 4. Bg2 Bb7 5. O-O Be7 6. Nc3 O-O 7. Re1 d5 8. cxd5 exd5 9. d4 Na6 10. Bf4 c5 11. e3 Ne4 12. h4 Bf6 13. Rc1 Qd7 14. Be5 Qf5 15. Bxf6 Qxf6 16. a3 Rfd8 17. Qa4 Nxc3 18. bxc3 Qe7 19. Ne5 Nc7 20. Qc2 Ne6 21. a4 Rac8 22. Qb3 f6 23. Nf3 Bc6 24. Ra1 Qc7 25. Nd2 Rb8 26. e4 c4 27. Qa2 dxe4 28. Nxe4 Bd5 29. Nxf6+ gxf6 30. Bxd5 Rxd5 31. Rxe6 Kh8 32. Qe2 Rg8 33. Qf3 Ra5 34. Rxf6 Qe7 35. Ra2 Kg7 36. Rf4 Rh8 1-0

[Event "ESP-Tch CECLUB Honor"]
[Site "Leon ESP"]
[Date "2012.11.11"]
[Round "7.4"]
[White "Jerez Perez, Alfonso"]
[Black "Kovalyov, Anton"]
[Result "1/2-1/2"]
[WhiteElo "2411"]
[BlackElo "2596"]
[PlyCount "84"]
[GameId "2130307689795491"]
[EventDate "2012.11.05"]
[EventType "team"]
[EventRounds "7"]
[EventCountry "ESP"]
[SourceTitle "EXT 2013"]
[Source "ChessBase"]
[SourceDate "2012.11.22"]
[SourceVersion "1"]
[SourceVersionDate "2012.11.22"]
[SourceQuality "1"]
[WhiteTeam "Foment Martinenc"]
[BlackTeam "Equigoma"]
[WhiteTeamCountry "ESP"]
[BlackTeamCountry "ESP"]

1. e4 c5 2. c3 Nf6 3. e5 Nd5 4. Nf3 d6 5. exd6 exd6 6. d4 Be7 7. Be2 O-O 8. O-O Bf5 9. Qb3 Nb6 10. d5 Na6 11. Be3 Be4 12. c4 Nb4 13. Rc1 a5 14. a3 a4 15. Qd1 Na6 16. Bd3 Bxf3 17. Qxf3 Nd7 18. Bf4 Bg5 19. Nc3 Bxf4 20. Qxf4 Ne5 21. Bf1 Nc7 22. Qf5 Nd7 23. Qc2 Nb6 24. Re1 Re8 25. Bd3 h6 26. Rxe8+ Qxe8 27. Qd2 Qd7 28. Re1 Ne8 29. Re3 Nf6 30. Qe2 Kf8 31. h3 Re8 32. Rxe8+ Nxe8 33. Qe3 Qd8 34. g3 Qf6 35. Kg2 Nc7 36. Qf3 Qe5 37. Qe4 Ne8 38. f4 Qf6 39. Kf3 Qd8 40. Qh7 Qf6 41. Qe4 Qd8 42. Qh7 Qf6 1/2-1/2

[Event "Chigorin mem."]
[Site "St Petersburg RUS"]
[Date "2012.10.27"]
[Round "1"]
[White "Bukhteeva, Viktoria"]
[Black "Kovalyov, Anton"]
[Result "0-1"]
[WhiteElo "2165"]
[BlackElo "2593"]
[PlyCount "84"]
[GameId "2130307690153024"]
[EventDate "2012.10.27"]
[EventType "swiss"]
[EventRounds "9"]
[EventCountry "RUS"]
[SourceTitle "EXT 2013"]
[Source "ChessBase"]
[SourceDate "2012.11.22"]
[SourceVersion "1"]
[SourceVersionDate "2012.11.22"]
[SourceQuality "1"]

1. e4 c5 2. Nf3 d6 3. d4 cxd4 4. Nxd4 Nf6 5. Nc3 a6 6. Bg5 Nbd7 7. f4 Qc7 8. Qf3 h6 9. Bxf6 Nxf6 10. f5 Qc5 11. O-O-O g5 12. e5 dxe5 13. Ndb5 e4 14. Nxe4 Nxe4 15. Qxe4 Bg7 16. Rd5 Qb6 17. Nd6+ Kf8 18. Nc4 Qc7 19. Qe3 Bd7 20. Nb6 Rd8 21. Nxd7+ Rxd7 22. Rxd7 Qxd7 23. Bd3 Bf6 24. Be4 Qa4 25. Bd5 Kg7 26. Qb3 Qf4+ 27. Kb1 Rf8 28. Qf3 Qe5 29. c3 b5 30. Qe4 Rd8 31. Qxe5 Bxe5 32. Bb7 Rd2 33. h4 b4 34. hxg5 hxg5 35. Rh3 a5 36. g4 a4 37. Re3 Kf6 38. Re4 bxc3 39. bxc3 Bxc3 40. Rc4 Rb2+ 41. Kc1 Rxb7 42. Rxc3 Rb4 0-1

[Event "Chigorin mem."]
[Site "St Petersburg RUS"]
[Date "2012.10.28"]
[Round "2"]
[White "Kovalyov, Anton"]
[Black "Krivenko, Sergey"]
[Result "1-0"]
[WhiteElo "2593"]
[BlackElo "2341"]
[PlyCount "69"]
[GameId "2130307690161410"]
[EventDate "2012.10.27"]
[EventType "swiss"]
[EventRounds "9"]
[EventCountry "RUS"]
[SourceTitle "EXT 2013"]
[Source "ChessBase"]
[SourceDate "2012.11.22"]
[SourceVersion "1"]
[SourceVersionDate "2012.11.22"]
[SourceQuality "1"]

1. c4 Nf6 2. Nf3 g6 3. Nc3 Bg7 4. e4 d6 5. d4 O-O 6. Be2 e5 7. Be3 exd4 8. Nxd4 Re8 9. f3 c6 10. Bf2 d5 11. exd5 cxd5 12. O-O Nc6 13. c5 Nh5 14. Qd2 Be5 15. g3 Ng7 16. Rfd1 Be6 17. Ncb5 a6 18. f4 Bb8 19. Nc3 Qc8 20. Rac1 Ba7 21. Na4 Bg4 22. Nb6 Bxb6 23. cxb6 Bxe2 24. Nxe2 Qf5 25. Rc5 Qg4 26. Nc3 d4 27. Nd5 Nh5 28. Rxc6 bxc6 29. Nc7 c5 30. Nxe8 Rxe8 31. Re1 Rxe1+ 32. Qxe1 Qd7 33. Qe4 d3 34. b7 Qb5 35. a4 1-0

[Event "Chigorin mem."]
[Site "St Petersburg RUS"]
[Date "2012.10.30"]
[Round "4"]
[White "Kovalyov, Anton"]
[Black "Chekhov, Sergey"]
[Result "1-0"]
[WhiteElo "2593"]
[BlackElo "2443"]
[PlyCount "89"]
[GameId "2130307690182192"]
[EventDate "2012.10.27"]
[EventType "swiss"]
[EventRounds "9"]
[EventCountry "RUS"]
[SourceTitle "EXT 2013"]
[Source "ChessBase"]
[SourceDate "2012.11.22"]
[SourceVersion "1"]
[SourceVersionDate "2012.11.22"]
[SourceQuality "1"]

1. c4 Nf6 2. Nf3 g6 3. Nc3 Bg7 4. e4 d6 5. d4 O-O 6. Be2 Bg4 7. Be3 Nc6 8. d5 Nb8 9. h3 Bxf3 10. Bxf3 Nbd7 11. O-O Ne8 12. Rc1 a5 13. b3 Rb8 14. Re1 c6 15. g3 Nc7 16. Bg2 Re8 17. Qd2 cxd5 18. exd5 b5 19. cxb5 Nxb5 20. Na4 Rb7 21. Rc6 Nb8 22. Rb6 Bc3 23. Qc1 Rxb6 24. Bxb6 Qc8 25. Nxc3 Nxc3 26. Qd2 a4 27. Ba5 Nb5 28. Qb4 Qc5 29. Qxa4 Na6 30. Bd2 Qb6 31. Be3 Qb7 32. Rc1 Ra8 33. Qh4 Na3 34. Rc6 Nb8 35. Rb6 Qc7 36. Rb4 Na6 37. Ra4 Nb5 38. Rc4 Qb7 39. a4 Na3 40. Rc6 Nb8 41. Rc3 Na6 42. b4 Nxb4 43. Rxa3 Nxd5 44. Qd4 Qb1+ 45. Kh2 1-0

[Event "Chigorin mem."]
[Site "St Petersburg RUS"]
[Date "2012.10.31"]
[Round "5"]
[White "Dolzhikova, Kateryna"]
[Black "Kovalyov, Anton"]
[Result "1/2-1/2"]
[WhiteElo "2313"]
[BlackElo "2593"]
[PlyCount "81"]
[GameId "2130307690186381"]
[EventDate "2012.10.27"]
[EventType "swiss"]
[EventRounds "9"]
[EventCountry "RUS"]
[SourceTitle "EXT 2013"]
[Source "ChessBase"]
[SourceDate "2012.11.22"]
[SourceVersion "1"]
[SourceVersionDate "2012.11.22"]
[SourceQuality "1"]

1. e4 c5 2. Nf3 e6 3. c4 Nc6 4. Nc3 Nd4 5. Nxd4 cxd4 6. Ne2 e5 7. d3 Bb4+ 8. Bd2 Bxd2+ 9. Qxd2 d6 10. g3 h5 11. Bg2 h4 12. f4 hxg3 13. hxg3 Rxh1+ 14. Bxh1 Nh6 15. Bf3 Bg4 16. Ng1 Qf6 17. O-O-O O-O-O 18. Kb1 Kb8 19. Rc1 Rc8 20. Bxg4 Nxg4 21. Nf3 g6 22. Rh1 Rh8 23. Rh4 Rxh4 24. Nxh4 Ne3 25. Qh2 Qh8 26. a3 Qh5 27. Ka2 Qd1 28. fxe5 Nf1 29. Qh1 Qxd3 30. exd6 Qxc4+ 31. Ka1 Nd2 32. Nf3 Nxf3 33. Qxf3 d3 34. Qd1 Kc8 35. Qg4+ f5 36. Qxg6 Qc1+ 37. Ka2 Qc4+ 38. Ka1 Qc1+ 39. Ka2 Qc4+ 40. Ka1 Qc1+ 41. Ka2 1/2-1/2

[Event "Chigorin mem."]
[Site "St Petersburg RUS"]
[Date "2012.11.01"]
[Round "6"]
[White "Kovalyov, Anton"]
[Black "Alekseenko, Kirill"]
[Result "1/2-1/2"]
[WhiteElo "2593"]
[BlackElo "2434"]
[PlyCount "80"]
[GameId "2130307690198850"]
[EventDate "2012.10.27"]
[EventType "swiss"]
[EventRounds "9"]
[EventCountry "RUS"]
[SourceTitle "EXT 2013"]
[Source "ChessBase"]
[SourceDate "2012.11.22"]
[SourceVersion "1"]
[SourceVersionDate "2012.11.22"]
[SourceQuality "1"]

1. c4 e5 2. Nc3 d6 3. g3 Nc6 4. Bg2 f5 5. e3 Nf6 6. d3 g6 7. Nge2 Bg7 8. O-O O-O 9. b3 Ne7 10. Ba3 Rb8 11. Qd2 a6 12. Rac1 b5 13. Nd5 Bb7 14. Nxf6+ Rxf6 15. Bxb7 Rxb7 16. d4 exd4 17. Nxd4 Qd7 18. Ne2 g5 19. Rfd1 Rh6 20. f4 g4 21. c5 d5 22. c6 Nxc6 23. Bc5 d4 24. Nxd4 Nxd4 25. Bxd4 Rd6 26. Qc3 c6 27. b4 Bxd4 28. Rxd4 Rxd4 29. Qxd4 Qxd4 30. exd4 Rd7 31. Rxc6 Rxd4 32. a3 Rd1+ 33. Kf2 Rd2+ 34. Kg1 Rd1+ 35. Kf2 Rd2+ 36. Kg1 Rd1+ 37. Kf2 Rd2+ 38. Kg1 Rd1+ 39. Kf2 Rd2+ 40. Kg1 Rd1+ 1/2-1/2